Japan: administrative reform (Record no. 26578)

000 -LEADER
fixed length control field 00955pab a2200145 454500
008 - FIXED-LENGTH DATA ELEMENTS--GENERAL INFORMATION
fixed length control field 180718b xxu||||| |||| 00| 0 eng d
100 ## - MAIN ENTRY--PERSONAL NAME
Personal name Ohashi Tomohiro
245 ## - TITLE STATEMENT
Title Japan: administrative reform
362 ## - DATES OF PUBLICATION AND/OR SEQUENTIAL DESIGNATION
Dates of publication and/or sequential designation 34(4), Jan-Mar 1994, p.590-98
520 ## - SUMMARY, ETC.
Summary, etc. The emphasis of public administration has been on fairness and equality. These characteristics of public administration could easily lead to ignoring productivity and efficiency on the pretext of public fairness or official responsibility. Improvement of productivity in public administration could not only reduce the burden of the people but also contribute to higher quality of public services. In this paper, the author examines the background, the concept and a few major achievements of the Administrative Reform of the Japanese government.
650 ## - SUBJECT ADDED ENTRY--TOPICAL TERM
Topical term or geographic name entry element Public Administration -- Japan
650 ## - SUBJECT ADDED ENTRY--TOPICAL TERM
Topical term or geographic name entry element Administrative Agencies -- Reorganization -- Japan
773 ## - HOST ITEM ENTRY
Main entry heading Productivity
909 ## -
-- 26578
Holdings
Withdrawn status Lost status Damaged status Not for loan Permanent Location Current Location Date acquired Barcode Date last seen Price effective from Koha item type
        Indian Institute of Public Administration Indian Institute of Public Administration 2018-07-19 AR26680 2018-07-19 2018-07-19 Articles

Powered by Koha